Donde la ciudad cambia su nombre / (Record no. 39877)

MARC details
000 -LEADER
campo de control de longitud fija 00609nam a2200205 i 4500
001 - NÚMERO DE CONTROL
campo de control 39877
003 - IDENTIFICADOR DE NÚMERO DE CONTROL
campo de control ES-MaACL
005 - FECHA Y HORA DE LA ÚLTIMA TRANSACCIÓN
campo de control 20250808021906.0
007 - CAMPO FIJO DE DESCRIPCIÓN FÍSICA--INFORMACIÓN GENERAL
campo de control de longitud fija t|
008 - DATOS DE LONGITUD FIJA--INFORMACIÓN GENERAL
campo de control de longitud fija 030304s1957 sp ||||1| spa d
100 1# - ENTRADA PRINCIPAL--NOMBRE DE PERSONA
Nombre de persona Candel, Francisco,
Fechas asociadas al nombre 1925-2007
9 (RLIN) 34448
245 10 - MENCIÓN DEL TÍTULO
Título Donde la ciudad cambia su nombre /
Mención de responsabilidad, etc. Francisco Candel.
250 ## - MENCION DE EDICION
Mención de edición [1ª ed.].
260 ## - PUBLICACIÓN, DISTRIBUCIÓN, ETC.
Lugar de publicación, distribución, etc. Barcelona :
Nombre del editor, distribuidor, etc. José Janés,
Fecha de publicación, distribución, etc. [1957] (
Fabricante Gasa)
300 ## - DESCRIPCIÓN FÍSICA
Extensión 298 p. ;
Dimensiones 19 cm.
490 1# - MENCIÓN DE SERIE
Mención de serie La vida no es sueño
830 03 - PUNTO DE ACCESO ADICIONAL DE SERIE-TÍTULO UNIFORME
Título uniforme La vida no es sueño
9 (RLIN) 181820
852 ## - LOCALIZACIÓN
Ubicación ES-MaACL
Número de control de estantería C-13915
Sublocalización o colección R.41528
Holdings
Estatus retirado Estado de pérdida Estado de daño No para préstamo Biblioteca de origen Biblioteca actual Ubicación en estantería Fecha de adquisición Fuente de adquisición Total de préstamos Signatura topográfica completa Código de barras Visto por última vez Precio de reemplazo Tipo de ítem Koha
        Biblioteca del Ateneo de Madrid Biblioteca del Ateneo de Madrid Sala Palomar 17/01/2008     C-13915 1041990 23/02/2023 23/02/2023 Libro impreso